Southville International School and Colleges
Your cart is empty.
  • Cart
  • Lists
    Public lists Eva Luna New books Lux_list list_1
    Your lists Log in to create your own lists
  • Log in to your account
  • Your cookies
  • Search history
Southville International School and Colleges
  • Advanced search
  • Recent comments
  • Most popular
  • Libraries

Log in to your account

Log in with GOOGLE


If you do not have an external account, but do have a local account, you can still log in:

  1. Home
  2. MARC view: Halloween /
Normal view MARC view ISBD view

Halloween / (Record no. 103776)

[ view plain ]
MARC details
000 -LEADER
fixed length control field 00643nam a2200181 a 4500
005 - DATE AND TIME OF LATEST TRANSACTION
control field 20140412111307.0
008 - FIXED-LENGTH DATA ELEMENTS--GENERAL INFORMATION
fixed length control field 010425s19uu xx 00 eng d
020 ## - INTERNATIONAL STANDARD BOOK NUMBER
International Standard Book Number 0-8234-0577-X
050 ## - LIBRARY OF CONGRESS CALL NUMBER
Classification number TR(GS 394.2
Item number G53 1984
100 ## - MAIN ENTRY--PERSONAL NAME
Personal name Gibbons, Gail
245 ## - TITLE STATEMENT
Title Halloween /
Statement of responsibility, etc by Gail Gibbons.
260 ## - PUBLICATION, DISTRIBUTION, ETC. (IMPRINT)
Place of publication, distribution, etc New York :
Name of publisher, distributor, etc Holiday House,
Date of publication, distribution, etc 1984.
300 ## - PHYSICAL DESCRIPTION
Extent 1v. (unp.) ;ill.
520 ## - SUMMARY, ETC.
Summary, etc Presents the many traditions associated with the Halloween holiday, including making jack-o-lanterns, wearing costumes, trick-or-treating, and telling scary stories
650 ## - SUBJECT ADDED ENTRY--TOPICAL TERM
Topical term or geographic name as entry element Halloween - Juvenile literature
650 ## - SUBJECT ADDED ENTRY--TOPICAL TERM
Topical term or geographic name as entry element Halloween
Holdings
Withdrawn status Lost status Damaged status Home library Current library Shelving location Date acquired Source of acquisition Total Checkouts Full call number Barcode Date last seen Price effective from Koha item type
      Elizalde Library Elizalde Library Teachers Reference Section 04/25/2001     TR(GS 394.2 G53 1984 E5862 04/12/2014 04/12/2014 Books

Halloween /

APA

Gibbons G., . (1984). Halloween. New York: Holiday House.

Chicago

Gibbons Gail, . 1984. Halloween. New York: Holiday House.

Harvard

Gibbons G., . (1984). Halloween. New York: Holiday House.

MLA

Gibbons Gail, . Halloween. New York: Holiday House. 1984.

  • Place hold
  • Print
  • Cite
  • Add to your cart (remove)
  • Save record
    BIBTEX Dublin Core MARCXML MARC (non-Unicode/MARC-8) MARC (Unicode/UTF-8) MARC (Unicode/UTF-8, Standard) MODS (XML) RIS
  • More searches
    Search for this title in:
    Other Libraries (WorldCat) Other Databases (Google Scholar) Online Stores (Bookfinder.com) Open Library (openlibrary.org)

Exporting to Dublin Core...

SOUTHVILLE LIBRARY

Southville International School and Colleges Library

1281 Tropical Ave. Cor. Luxembourg St., BF Homes International, Las Pinas City

Tel. No. 8256374 / 252358 Loc. 117/146

Powered by Koha